| 000 | 00492nam a2200181 a 4500 | ||
|---|---|---|---|
| 005 | 20140310183239.0 | ||
| 008 | 040629s19uu xx 00 eng d | ||
| 020 | _a81-7179-883-7 | ||
| 050 |
_aQP 34.5 _b.Si617 2003 |
||
| 100 | _aSingh, Inderbir | ||
| 245 | _aEssentials of anatomy/. | ||
| 260 |
_aNew Delhi, India : _bJaypee Brothers Medical Publishers, _c2002. |
||
| 300 |
_a536 p. : _bill. ; _c28 cm. |
||
| 521 | _aNUR | ||
| 650 | _aAnatomy. | ||
| 942 |
_cBK _2lcc _kFOR |
||
| 999 |
_c20582 _d20582 |
||